[Event "POL-chT 2nd League"]
[Site "Jastrzebia Gora"]
[Date "2023.09.06"]
[Round "5.39"]
[White "Dalkowski, Rafal"]
[Black "Gradowski, Jacek"]
[Result "0-1"]
[WhiteElo "2079"]
[BlackElo "2072"]
[PlyCount "38"]
[EventDate "2023.09.02"]
[EventType "team-swiss"]
[EventRounds "9"]
[EventCountry "POL"]
[SourceTitle "CBM 216 Extra"]
[Source "ChessBase"]
[SourceDate "2023.11.30"]
[SourceVersion "1"]
[SourceVersionDate "2023.11.30"]
[SourceQuality "1"]
[WhiteTeam "Warszawa Czternastka"]
[BlackTeam "Lodz Okucia Budowlane"]
[WhiteTeamCountry "POL"]
[BlackTeamCountry "POL"]

1. Nf3 Nf6 2. c4 e6 3. e3 d5 4. Nc3 c5 5. cxd5 exd5 6. d4 Nc6 7. Bb5 a6 8. Bxc6+ bxc6 9. dxc5 Bxc5 10. h3 0-0 11. 0-0 Re8 12. b3 Ne4 13. Na4 Bd6 14. Bb2 Re6 15. Qd4 Rg6 16. Kh1 Bxh3 17. gxh3 Qd7 18. Ng1 Qf5 19. Bc3 Qxf2 0-1

[Event "LSS OP-2009-0-01028"]
[Site "LSS email"]
[Date "2009.12.21"]
[Round "?"]
[White "Gradowski, Jacek"]
[Black "Salazar Moran, Alejandro Fortunato"]
[Result "1-0"]
[WhiteElo "1291"]
[BlackElo "1635"]
[PlyCount "63"]
[EventDate "2009.12.17"]
[EventType "tourn (corr)"]
[EventRounds "4"]
[EventCountry "GER"]
[SourceTitle "Telechess CBM 147"]
[Source "ChessBase"]
[SourceDate "2012.03.16"]
[SourceVersion "1"]
[SourceVersionDate "2012.03.16"]
[SourceQuality "1"]

1. d4 Nf6 2. c4 g6 3. Nc3 Bg7 4. e4 d6 5. f3 0-0 6. Be3 e5 7. d5 Nh5 8. Qd2 f5 9. exf5 gxf5 10. 0-0-0 Na6 11. Bd3 Bd7 12. Nge2 b6 13. Bc2 Nb4 14. Bb1 a5 15. Bg5 Qe8 16. Rhg1 Nf6 17. h3 h5 18. g4 hxg4 19. hxg4 fxg4 20. Ng3 b5 21. fxg4 Nxg4 22. Rh1 Rf2 23. Bh7+ Kf8 24. Rdf1 Qf7 25. Rxf2 Nxf2 26. Rf1 e4 27. Bxe4 Kg8 28. Rxf2 Bxc3 29. bxc3 Qg7 30. cxb4 Qa1+ 31. Bb1 bxc4 32. Bf6 1-0

[Event "LSS OP-2009-0-01028"]
[Site "LSS email"]
[Date "2009.12.21"]
[Round "?"]
[White "Vontina, Maria"]
[Black "Gradowski, Jacek"]
[Result "0-1"]
[WhiteElo "626"]
[BlackElo "800"]
[PlyCount "36"]
[EventDate "2009.12.17"]
[EventType "tourn (corr)"]
[EventRounds "4"]
[EventCountry "GER"]
[SourceTitle "Telechess CBM 137"]
[Source "ChessBase"]
[SourceDate "2010.07.15"]
[SourceVersion "1"]
[SourceVersionDate "2010.07.15"]
[SourceQuality "1"]

1. e4 c5 2. Nf3 d6 3. d4 cxd4 4. Nxd4 Nf6 5. Nc3 a6 6. Bg5 e6 7. f4 Qb6 8. Bxf6 gxf6 9. Rb1 Nc6 10. Nxc6 bxc6 11. Qf3 d5 12. exd5 cxd5 13. Bd3 Bb7 14. Qf2 Bc5 15. Qe2 Bb4 16. Qd2 d4 17. a3 Bxc3 18. bxc3 Qxb1+ 0-1

[Event "Lodz Autumn"]
[Site "Lodz"]
[Date "2007.11.10"]
[Round "7"]
[White "Flis, Radoslaw"]
[Black "Gradowski, Jacek"]
[Result "1-0"]
[WhiteElo "1937"]
[BlackElo "2130"]
[PlyCount "61"]
[EventDate "2007.10.19"]
[EventType "tourn"]
[EventRounds "9"]
[EventCountry "POL"]
[SourceTitle "EXT 2011"]
[Source "ChessBase"]
[SourceDate "2010.11.26"]
[SourceVersion "1"]
[SourceVersionDate "2010.11.26"]
[SourceQuality "1"]

1. e4 e5 2. Nf3 Nc6 3. Bc4 Bc5 4. c3 Nf6 5. d3 h6 6. Nbd2 d6 7. h3 a6 8. Bb3 0-0 9. 0-0 Ba7 10. Re1 Ne7 11. Nf1 Ng6 12. Ng3 c6 13. d4 Qc7 14. Be3 b5 15. Qd2 Kh7 16. Rad1 Be6 17. Bxe6 fxe6 18. dxe5 Bxe3 19. Rxe3 dxe5 20. Qd6 Rac8 21. Qxe6 Rfe8 22. Qf5 Ng8 23. Rd7 Qb6 24. Nh4 c5 25. Nxg6 Qxg6 26. Qxg6+ Kxg6 27. Nf5 Rcd8 28. Rg3+ Kf6 29. Rdxg7 Ke6 30. R3g6+ Nf6 31. Ra7 1-0

[Event "Lodz Autumn"]
[Site "Lodz"]
[Date "2007.11.04"]
[Round "6"]
[White "Gradowski, Jacek"]
[Black "Rawicz, Karol"]
[Result "1-0"]
[WhiteElo "2130"]
[BlackElo "2195"]
[PlyCount "128"]
[EventDate "2007.10.19"]
[EventType "tourn"]
[EventRounds "9"]
[EventCountry "POL"]
[SourceTitle "EXT 2011"]
[Source "ChessBase"]
[SourceDate "2010.11.26"]
[SourceVersion "1"]
[SourceVersionDate "2010.11.26"]
[SourceQuality "1"]

1. d4 Nf6 2. c4 d6 3. Nc3 Nbd7 4. e4 e5 5. Nge2 g6 6. f3 Bg7 7. Be3 0-0 8. Qd2 c6 9. 0-0-0 a6 10. d5 Nb6 11. Ng3 cxd5 12. cxd5 Qc7 13. Kb1 Nc4 14. Bxc4 Qxc4 15. Rc1 Qb4 16. Qf2 Bd7 17. a3 Qb3 18. Nf1 Qc4 19. Nd2 Qd3+ 20. Ka1 Rfc8 21. Nb3 a5 22. Rhd1 Qc4 23. Nd2 Qd3 24. Ndb1 Qa6 25. a4 b5 26. Nxb5 Bxb5 27. axb5 Qxb5 28. Na3 Qb3 29. Qd2 Rcb8 30. Rc3 Qb4 31. Rdc1 Ne8 32. R1c2 Bf6 33. Qc1 Qb7 34. Rc6 Bd8 35. Nc4 a4 36. Rc3 Qb4 37. Ra3 Rc8 38. Rxc8 Rxc8 39. Rc3 Rb8 40. Na3 Kf8 41. Qc2 Ba5 42. Bh6+ Ke7 43. Rc4 Qe1+ 44. Qc1 Qxc1+ 45. Bxc1 Rb4 46. Bd2 Rxc4 47. Nxc4 Bxd2 48. Nxd2 Nc7 49. Ka2 Na6 50. Nb1 Nc5 51. Nc3 f5 52. Ka3 h5 53. Nxa4 fxe4 54. fxe4 Nxe4 55. b4 Nf6 56. Nc3 Ng4 57. h4 Ne3 58. g3 Kd7 59. Ka4 Nf5 60. Ka5 Kc7 61. Ka6 Ne3 62. Ka7 Nc4 63. b5 Nb6 64. Ka6 Nd7 1-0

[Event "Lodz Autumn"]
[Site "Lodz"]
[Date "2007.10.27"]
[Round "4"]
[White "Flis, Pawel"]
[Black "Gradowski, Jacek"]
[Result "0-1"]
[WhiteElo "1987"]
[BlackElo "2130"]
[PlyCount "50"]
[EventDate "2007.10.19"]
[EventType "tourn"]
[EventRounds "9"]
[EventCountry "POL"]
[SourceTitle "EXT 2011"]
[Source "ChessBase"]
[SourceDate "2010.11.26"]
[SourceVersion "1"]
[SourceVersionDate "2010.11.26"]
[SourceQuality "1"]

1. e4 e5 2. f4 Qh4+ 3. g3 Qe7 4. Nc3 exf4 5. d4 fxg3 6. Bf4 gxh2 7. Rxh2 d6 8. Nf3 Bg4 9. Qd3 Nc6 10. d5 Nb4 11. Qe3 Nf6 12. a3 Nbxd5 13. exd5 Qxe3+ 14. Bxe3 Bxf3 15. Rd2 Be7 16. Kf2 Bg4 17. Re1 a6 18. Bd4 Kd7 19. Kg3 h5 20. Bh3 Rae8 21. Rf2 Rhg8 22. Bxg4+ hxg4 23. Rf5 Rh8 24. Bxf6 Bxf6 25. Ne4 Bh4+ 0-1

[Event "Lodz Spring"]
[Site "Lodz"]
[Date "2007.05.21"]
[Round "3"]
[White "Gradowski, Jacek"]
[Black "Rawicz, Karol"]
[Result "0-1"]
[WhiteElo "2191"]
[BlackElo "2174"]
[PlyCount "120"]
[EventDate "2007.05.19"]
[EventType "tourn"]
[EventRounds "9"]
[EventCountry "POL"]
[SourceTitle "EXT 2011"]
[Source "ChessBase"]
[SourceDate "2010.11.26"]
[SourceVersion "1"]
[SourceVersionDate "2010.11.26"]
[SourceQuality "1"]

1. d4 c5 2. Nf3 cxd4 3. Nxd4 d5 4. Bf4 Nc6 5. c3 f6 6. e3 e5 7. Nxc6 bxc6 8. Bg3 Bc5 9. Bd3 Ne7 10. 0-0 Be6 11. Nd2 Qd7 12. Qc2 h5 13. h4 e4 14. Bxe4 dxe4 15. Nxe4 Bf5 16. b4 Qd5 17. f3 Bxe3+ 18. Kh2 Bxe4 19. fxe4 Qe6 20. Rae1 Bb6 21. e5 f5 22. Rd1 Bc7 23. Rd6 Qf7 24. Qa4 0-0 25. Rd7 Rfc8 26. Rxc7 Rxc7 27. e6 Qxe6 28. Bxc7 Nd5 29. Qa5 Ne3 30. Rf3 Ng4+ 31. Kg1 Qe1+ 32. Rf1 Qe3+ 33. Kh1 Nf2+ 34. Kh2 Qe2 35. Kg1 Ng4 36. Qxf5 Ne3 37. Qf7+ Kh7 38. Rf2 Qe1+ 39. Kh2 Ng4+ 40. Kg3 Qxf2+ 41. Qxf2 Nxf2 42. Kxf2 Re8 43. a4 Re4 44. g3 Kg6 45. a5 Kf5 46. Bb8 a6 47. Ba7 Rc4 48. Bd4 Rxd4 49. cxd4 Ke4 50. g4 Kxd4 51. gxh5 Kc4 52. Ke3 Kxb4 53. Ke4 c5 54. Kf5 c4 55. Kg6 c3 56. Kxg7 c2 57. h6 c1Q 58. h7 Qg1+ 59. Kf7 Qf2+ 60. Kg7 Qxh4 0-1